=LDR 00000nam 2200000 4500 =001 INLIS000000000035025 =005 20130612140918 =008 ***********************************Ind** =035 ##$$0010-061300000035025 =041 ##$$a Ind =082 ##$$a 615.504 =090 ##$$a 615.504, Hut p =100 ##$$a Hutasoit,Aini S =245 ##$$a Panduan praktis Aromatherapy untuk pemula, cara mudah memanfaatkan wewangian alami utnuk keselarasan pikiranjiwa,dan raga, Aini S hutasoit =260 ##$$a 2002 $b Jakarta =300 ##$$a 128 hlm., ilus., 20 cm =850 ##$$a NBPNMAT =990 ##$$a 0001/BPAP-NTB/20142015 =990 ##$$a 0001/BPAP-NTB/2016